000 01262nam a2200301 c 4500
999 _c344538
_d344538
003 BLK
005 20200427085716.0
008 180911b bul|||||r ||||||| ||bul||
010 _a004203
040 _aBLK
041 _aFRE
_cBUL
080 _aШевченко, Тарас
_x92
_z883(092)92
100 1 _aDOROSENKO, D.
_eпърви автор
_9407346
245 0 0 _aChevtchenko - le poete national de L'Ukraine
260 _aPrague
_bEugene Wyrowyj
_c1931
_fPrague : Vrsovice
300 _a52 с
_c17 см
380 _a82
490 _aЧастна колекция - Академик Михаил Арнаудов
_gДарение - Основен фонд
500 _aАвтограф с текст: Дорогому приятелевi украiнського народу i мойому П. Проф. Мих. Арнаудову на добрий спомен Доросенко София 13. II. 934. (инв.№ 589658)
501 _aНомериран екземпляр № 29 от общо 50 луксозни
650 _aБиографии
_9407347
650 _aПисатели
_9166332
655 _aЛитературознание
_9396446
700 1 _aD. Dorochenko
_9407348
700 1 _a Pref. Comte Antoine Chiappe
_9396934
852 _aМА 1468
_bМА
942 _cKNG
_n0
_s1
944 _aCR
_c1996
_kValK
999 _d344538